| 000 | 00410cam a2200169ua 4500 | ||
|---|---|---|---|
| 020 | _c1.25 | ||
| 041 |
_amal _h |
||
| 082 |
_a894.8121 _bJOH/HR |
||
| 100 | _aJohn , Daniel . | ||
| 245 |
_aHridhaya geethakam / _cDaniel john. _hTextual Documents |
||
| 260 |
_aThrissur : _bThe Mangalodayam Pvt Ltd , _c1957. |
||
| 300 | _a56 ; . | ||
| 365 | _a1.25 | ||
| 504 | _a | ||
| 942 | _cBK | ||
| 999 |
_c4975 _d4975 |
||